A history of western philosophy, and its connection with political and social circumstances from the earliest times to the present day. (Record no. 115)

MARC details
000 -LEADER
fixed length control field 00842nam a2200229 a 4500
005 - DATE AND TIME OF LATEST TRANSACTION
control field 20260322212007.0
008 - FIXED-LENGTH DATA ELEMENTS--GENERAL INFORMATION
fixed length control field data
010 ## - LIBRARY OF CONGRESS CONTROL NUMBER
LC control number 45-008884 //r85
020 ## - INTERNATIONAL STANDARD BOOK NUMBER
International Standard Book Number 0671201581
020 ## - INTERNATIONAL STANDARD BOOK NUMBER
International Standard Book Number 9780671201586
040 ## - CATALOGING SOURCE
Original cataloging agency Borders/Amazon
092 ## - LOCALLY ASSIGNED DEWEY CALL NUMBER (OCLC)
Classification number 109 R8 1945
001 - CONTROL NUMBER
control field data
100 1# - MAIN ENTRY--PERSONAL NAME
Personal name Russell, Bertrand,
Dates associated with a name 1872-1970.
245 12 - TITLE STATEMENT
Title A history of western philosophy, and its connection with political and social circumstances from the earliest times to the present day.
Statement of responsibility, etc. Bertram Russell
260 ## - PUBLICATION, DISTRIBUTION, ETC.
Place of publication, distribution, etc. New York
Name of publisher, distributor, etc. Simon and Schuster
Date of publication, distribution, etc. 1945
300 ## - PHYSICAL DESCRIPTION
Extent xxiii, 895 p., 1 l. ;
Dimensions 23 cm.
500 ## - GENERAL NOTE
General note "Originally designed and partly delivered as lectures at the Barnes foundation in Pennsylvania."--Pref.
500 ## - GENERAL NOTE
General note At head of title: Bertrand Russell.
500 ## - GENERAL NOTE
General note Copyright renewed 1972 by Edith Russell.
650 02 - SUBJECT ADDED ENTRY--TOPICAL TERM
Topical term or geographic name entry element Philosophy
General subdivision history
Holdings
Withdrawn status Lost status Damaged status Not for loan Home library Current library Shelving location Date acquired Total checkouts Full call number Barcode Date last seen Price effective from Koha item type
        Franklin Franklin General stacks 22/03/2026   GEN BC0010119 22/03/2026 22/03/2026 Books